|
|
|
|
| LEADER |
01207nam a22002297a 4500 |
| 001 |
29592 |
| 003 |
BD-DhAAL |
| 005 |
20260128105230.0 |
| 008 |
150709s1975 bg ||||| |||| 00| 0 eng d |
| 040 |
|
|
|a BD-DhAAL
|c BD-DhAAL
|
| 082 |
|
|
|a 305.42095492
|2 22
|
| 245 |
|
|
|a Manikganj project :
|b proposal for phase II & III.
|
| 260 |
|
|
|a Dhaka :
|b Bangladesh Rural Advancement Committee,
|c 1975.
|
| 300 |
|
|
|a 12 pages :
|c 34 cm.
|
| 541 |
|
|
|a Complimentary copy from BRAC
|e 29592
|
| 650 |
|
|
|a BRAC (Bangladesh Rural Advancement Committee).
|9 7235
|
| 710 |
|
|
|a Bangladesh Rural Advancement Committee,
|b Research and Evaluation Division
|9 12971
|
| 852 |
|
|
|a Ayesha Abed Library
|b General Stacks
|
| 942 |
|
|
|2 ddc
|c BK
|
| 999 |
|
|
|c 35187
|d 35187
|
| 952 |
|
|
|0 0
|1 0
|2 ddc
|4 0
|6 305_420954920000000_MAN
|7 1
|8 RPT
|9 55164
|a BRACUL
|b BRACUL
|c BRS
|d 2015-08-10
|e Complimentary copy from BRAC
|l 1
|o 305.42095492 MAN
|p 3010029592
|r 2025-12-30
|s 2025-03-23
|t 1
|w 2015-08-10
|y BK
|x BRAC ; price not available in register
|
| 952 |
|
|
|0 0
|1 0
|2 ddc
|4 0
|6 305_420954920000000_MAN
|7 1
|8 RPT
|9 55165
|a BRACUL
|b BRACUL
|c BRS
|d 2015-08-10
|e Complimentary copy from BRAC
|l 1
|o 305.42095492 MAN
|p 3010029593
|r 2025-12-30
|s 2025-03-23
|t 2
|w 2015-08-10
|y BK
|x BRAC ; price not available in register
|